| 000 | 00456cam a22001814a 4500 | ||
|---|---|---|---|
| 005 | 20250605164114.0 | ||
| 008 | 250528s ||||||||||||||||||||||||d | ||
| 035 | _a17995 | ||
| 040 |
_aGR-AtMCL _bgre _dGR-AtMCL _eAACR2 |
||
| 245 | 1 | _aΠΟΛΙΤΙΚΗ ΨΥΧΟΛΟΓΙΑ | |
| 250 | _a1 | ||
| 260 |
_bΑυτοεκδοση, _c1991 |
||
| 300 | _a277 | ||
| 700 | 1 |
_aΜαθιουδακης Μ _94322 |
|
| 942 | _cBK | ||
| 999 |
_c3387 _d3387 |
||